[Event "Dueville op-B 1st"]
[Site "Dueville"]
[Date "2023.06.04"]
[Round "5"]
[White "Pisani, Valerio"]
[Black "Virga, Massimo"]
[Result "1-0"]
[WhiteElo "1620"]
[BlackElo "1518"]
[PlyCount "45"]
[EventDate "2023.06.01"]
[EventType "swiss"]
[EventRounds "5"]
[EventCountry "ITA"]
[SourceTitle "EXT 2024"]
[Source "ChessBase"]
[SourceDate "2023.10.10"]
[SourceVersion "1"]
[SourceVersionDate "2023.10.10"]
[SourceQuality "1"]

1. e4 c5 2. c4 Nc6 3. Nc3 e6 4. d3 a6 5. g3 Nf6 6. Bg2 Be7 7. Nge2 0-0 8. 0-0 Qc7 9. f4 d6 10. h3 Rd8 11. g4 Rb8 12. a4 b6 13. Ng3 Nd4 14. g5 Nd7 15. f5 Bb7 16. f6 Bf8 17. fxg7 Bxg7 18. Nh5 Bh8 19. Nf6+ Kg7 20. Nxh7 Ne5 21. Qh5 Ng6 22. Qh6+ Kg8 23. Nf6+ 1-0

[Event "Chioggia op-B 14th"]
[Site "Chioggia"]
[Date "2019.10.06"]
[Round "5"]
[White "Aprile, Massimo"]
[Black "Virga, Massimo"]
[Result "1-0"]
[WhiteElo "1584"]
[BlackElo "1564"]
[PlyCount "95"]
[EventDate "2019.10.04"]
[EventType "swiss"]
[EventRounds "5"]
[EventCountry "ITA"]
[SourceTitle "EXT 2022"]
[Source "ChessBase"]
[SourceDate "2021.10.06"]
[SourceVersion "1"]
[SourceVersionDate "2021.10.06"]
[SourceQuality "1"]

1. e4 g6 2. d3 Bg7 3. Nd2 d6 4. Ngf3 Nf6 5. g3 Nbd7 6. Bg2 c5 7. 0-0 0-0 8. Re1 Qc7 9. Nc4 e5 10. a4 a5 11. Bg5 b6 12. Nh4 Bb7 13. f4 h6 14. Bxf6 Bxf6 15. Nf3 exf4 16. gxf4 Bg7 17. c3 Rae8 18. Ne3 Nf6 19. Rc1 Nh5 20. f5 Nf4 21. Rc2 Bc6 22. b3 Kh7 23. Qd2 Qd7 24. c4 Nxg2 25. Qxg2 g5 26. h4 f6 27. hxg5 fxg5 28. Ng4 Qf7 29. Qh3 Kg8 30. Nxh6+ Bxh6 31. Qxh6 Qf6 32. Qxg5+ Qxg5+ 33. Nxg5 Re7 34. Rg2 Rg7 35. Rf1 Rf6 36. Ne6 Rxg2+ 37. Kxg2 Bd7 38. Nf4 Kf7 39. Rh1 Kg8 40. Rh5 Bc6 41. Ng6 Be8 42. Rh8+ Kf7 43. Kg3 d5 44. cxd5 Bd7 45. Kf4 Rd6 46. Ne5+ Ke7 47. Rh7+ Ke8 48. Nxd7 1-0